000 01016nam a22003017a 4500
003 CHAP
005 20220329143502.0
008 100121s2008 mx r 00010 spa d
010 _a97349
011 _a98321
020 _a9786077514466
035 _a109005
040 _cCHAP
082 0 4 _a305
_bAt27
245 0 0 _aAtención a la discriminación en Iberoamérica :
_bun recuento inicial
_c/compilado por Alejandro Becerra Gelover
260 _aMéxico, D.F. :
_bCONAPRED,
_cc2008
300 _a247 p. :
_bcuadros, gráfs., organigramas
590 _aBATCH-UPD
_b10
_c20130110
_lUCH01
_h1718
590 _aBATCH-UPD
_b10
_c20130410
_lUCH01
_h1102
590 _aBATCH-UPD
_b10
_c20130914
_lUCH01
_h0555
590 _aCONVERSION
_b10
_c20130109
_lUCH01
_h1354
650 1 4 _aAmerica Latina
_xCondiciones sociales.
_95395
650 1 4 _aDiscriminación.
_932713
700 1 _aBecerra Gelover, Alejandro
_911132
901 _aBK
942 _cLIBRO
949 _a305 At27
_bBC
_cLIBRO
_d33724002129025
_eLIBRO
_h111684
_i109005
_si
999 _c97349
_d97349